000 01681cam a22003733a 4500
001 0000711
003 DO-SdBNP
005 20171110112625.0
007 0000711
008 861112 2011 sp ac 000 0 spa d
010 _a
020 _a9788426716606 (Marcombo)
020 _a9788496334922(Altamar)
040 _aBPMSU
_cspa
_dBPMSU
_d
082 4 _a621.3
_bE38ie
100 1 _aLapeña, Javier Esteban
245 1 0 _aInfraestructuras comunes de telecomunicación en viviendas y edificios /
_cJavier Esteban Lapeña, Manel López Giménez
260 0 _aBarcelona :
_bLexus,
_c2011.
300 _a144 p. :
_bil., retrato
_c31 cm.
490 1 _aElectricidad y electrónica / CFGM instalaciones eléctricas y automáticas
500 _aSe utilizó el cutter de la serie para reunir la colección en la estantería
505 _tLa instalación de la ICT --
_tCreación, transmisión y recepción de señales --
_tInstalación de antenas terrestres --
_tInstalaciones de antenas de TV satélite --
_tLa red de distribución o reparto --
_tInstalaciónes básicas de telefonía --
_tInstalaciones telefónicas con centralitas privadas y cable estructurado --
_tInstalaciones de interfonía --
600 _a
_x
650 4 _aTELECOMUNICACIONES
650 4 _aSISTEMAS DE INTERCOMUNICACIÓN
650 4 _aANTENAS (ELECTRÓNICA)
650 4 _aTEORIA DE LAS SEÑALES (TELECOMUNICACIONES)
700 1 2 _aLópez Giménez, Manel
830 0 _aElectricidad y electrónica / CFGM instalaciones eléctricas y automáticas
910 _aValidado. Control de calidad MFF
942 _2ddc
_cBK
945 _aInvetariado extranjerov / 2017 VM
956 _2YLOCKWARD
_310
_8BPMSU
999 _c11527
_d11527